[Event "Asia-ch U20 Girls"]
[Site "Waskaduwa"]
[Date "2025.06.28"]
[Round "3"]
[White "Goriachkina, Oksana"]
[Black "Sreekarthika, Velmurugan"]
[Result "1-0"]
[WhiteElo "2190"]
[BlackElo "1956"]
[PlyCount "163"]
[EventDate "2025.06.27"]
[EventType "swiss"]
[EventRounds "9"]
[EventCountry "SRI"]
[SourceTitle "CB28_2025"]
[SourceDate "2025.07.09"]
[SourceVersion "1"]
[SourceVersionDate "2025.07.09"]
[SourceQuality "1"]

1. d4 d5 2. c4 c6 3. Nc3 Nf6 4. Nf3 e6 5. e3 Nbd7 6. Qc2 b6 7. b3 Bb7 8. Be2 Bd6 9. 0-0 0-0 10. Bb2 Rc8 11. Rad1 Qe7 12. e4 dxe4 13. Nxe4 Nxe4 14. Qxe4 Nf6 15. Qh4 Rfd8 16. Bd3 h6 17. Rfe1 Nh7 18. Qxe7 Bxe7 19. Bc3 Nf6 20. b4 Nh5 21. Ne5 c5 22. dxc5 bxc5 23. b5 Nf4 24. Bf1 Bf6 25. g3 Bxe5 26. Bxe5 Ng6 27. Bc3 Bf3 28. Rd2 Ne7 29. Re3 Rxd2 30. Bxd2 Bg4 31. h3 Bf5 32. g4 Bb1 33. Ra3 Rc7 34. Bf4 Rd7 35. Bb8 Ng6 36. Bxa7 Rd1 37. b6 Be4 38. Re3 Bb7 39. f3 Nf4 40. Bb8 Nxh3+ 41. Kg2 Ng5 42. Be2 Rd2 43. Kg3 Rxa2 44. Bd6 f6 45. Bxc5 e5 46. Bd6 Ne6 47. f4 Nd4 48. Bf1 e4 49. c5 Rc2 50. Ra3 Nc6 51. Bg2 Rc4 52. f5 Kf7 53. Kf4 Ke8 54. Bf1 Rb4 55. Ba6 Bxa6 56. Rxa6 Kd7 57. Ke3 Rb3+ 58. Kxe4 Rb4+ 59. Kf3 Nd4+ 60. Kf2 Nb5 61. Bf8 Kc6 62. Kg3 Rb3+ 63. Kh4 Kb7 64. Ra4 Rc3 65. Kh5 Rh3+ 66. Kg6 h5 67. Ra5 Rb3 68. Kxh5 Kc6 69. Ra4 Nc3 70. Ra7 Nd5 71. Kg6 Rg3 72. Kxg7 Rxg4+ 73. Kf7 Rb4 74. Ra8 Rb3 75. Rc8+ Kd7 76. Re8 Kc6 77. Re6+ Kb7 78. Rd6 Ne3 79. Rd7+ Kc6 80. Rc7+ Kd5 81. Kxf6 Kd4 82. Re7 1-0

[Event "RUS Cup tt"]
[Site "Sochi"]
[Date "2024.12.01"]
[Round "5.10"]
[White "Goriachkina, Oksana"]
[Black "Rodin, Dmitrij"]
[Result "1/2-1/2"]
[WhiteElo "2070"]
[BlackElo "2321"]
[PlyCount "84"]
[EventDate "2024.11.27"]
[EventType "team-swiss"]
[EventRounds "7"]
[EventCountry "RUS"]
[SourceTitle "CB50_2024"]
[SourceDate "2024.11.01"]
[SourceVersion "1"]
[SourceVersionDate "2024.11.01"]
[SourceQuality "2"]
[WhiteTeam "Primakov Gymnasium II"]
[BlackTeam "Voronezh"]
[WhiteTeamCountry "RUS"]
[BlackTeamCountry "RUS"]

1. d4 Nf6 2. c4 e6 3. Nf3 b6 4. g3 Ba6 5. Qb3 Nc6 6. Nbd2 Na5 7. Qc3 c5 8. dxc5 bxc5 9. e4 Bb7 10. e5 Ne4 11. Nxe4 Bxe4 12. Bg2 Be7 13. 0-0 0-0 14. Bd2 Nc6 15. Qe3 Bg6 16. Bc3 Qc7 17. Rad1 Rab8 18. Rd2 Rfd8 19. Rfd1 a5 20. Ne1 Nb4 21. Bxb4 Rxb4 22. b3 a4 23. Nc2 Bxc2 24. Rxc2 axb3 25. axb3 d6 26. Rcd2 g6 27. f4 dxe5 28. Rxd8+ Bxd8 29. Qxe5 Rxb3 30. Qxc7 Bxc7 31. Bc6 Rb8 32. Ra1 Kg7 33. Ra7 Bd6 34. Rb7 Rc8 35. Bd7 Rd8 36. Bxe6 Rf8 37. Rd7 Bb8 38. Bd5 h6 39. Kf2 g5 40. Kf3 Kg6 41. f5+ Kxf5 42. Rxf7+ Ke5 1/2-1/2

[Event "Wch U14 Girls"]
[Site "Florianopolis"]
[Date "2024.11.09"]
[Round "10"]
[White "Goriachkina, Oksana"]
[Black "Imomkuzieva, Nilufarkhon"]
[Result "1-0"]
[WhiteElo "2070"]
[BlackElo "1883"]
[PlyCount "203"]
[EventDate "2024.10.29"]
[EventType "swiss"]
[EventRounds "11"]
[EventCountry "BRA"]
[SourceTitle "CB45_2024"]
[Source "ChessBase"]
[SourceDate "2024.11.06"]
[SourceVersion "1"]
[SourceVersionDate "2024.11.06"]
[SourceQuality "1"]

1. d4 d5 2. c4 e6 3. Nf3 Nf6 4. Nc3 Bb4 5. Bg5 dxc4 6. e4 c5 7. Bxc4 cxd4 8. Nxd4 Qa5 9. Bd2 0-0 10. Nc2 Nc6 11. 0-0 Qc5 12. Qe2 e5 13. Na4 Qa5 14. Nxb4 Qxa4 15. b3 Qa3 16. Nxc6 bxc6 17. Bc3 Qe7 18. f4 Ng4 19. f5 Nf6 20. g4 h6 21. h4 Nh7 22. Qh2 Qc5+ 23. Qf2 Qxf2+ 24. Kxf2 Bb7 25. Ke3 c5 26. Rg1 Nf6 27. Bd3 Rfe8 28. g5 hxg5 29. hxg5 Nd7 30. Rg4 a6 31. Rh1 Kf8 32. Rh7 Ke7 33. Rxg7 Rh8 34. Bc4 Raf8 35. Be1 Nb6 36. f6+ Ke8 37. Bf2 Bc8 38. Rg1 Nxc4+ 39. bxc4 Rfg8 40. Rxg8+ Rxg8 41. Kd3 Be6 42. Bxc5 Kd7 43. Be3 Rc8 44. Rc1 Rb8 45. Rc2 Bg4 46. Bc1 Rh8 47. c5 Kc6 48. Rg2 Bh5 49. Bb2 Re8 50. Rh2 Bg6 51. Rh6 Rg8 52. Bxe5 Kxc5 53. Ke3 Kc6 54. Rh2 Rd8 55. Rc2+ Kb5 56. Bd4 Rh8 57. Rc5+ Kb4 58. e5 Rh3+ 59. Ke2 Rh4 60. Bf2 Rg4 61. Be3 Re4 62. Rd5 Kc4 63. Ra5 Kb4 64. Rxa6 Rxe5 65. Ra7 Re6 66. Kf2 Kc4 67. a4 Kd3 68. a5 Rc6 69. Rd7+ Kc4 70. Kf3 Kb5 71. Rd5+ Ka6 72. Bd2 Re6 73. Rd8 Rc6 74. Rg8 Rc5 75. Rd8 Rc6 76. Rg8 Rc5 77. Ra8+ Kb7 78. Re8 Rd5 79. Ke2 Bh5+ 80. Ke1 Bg6 81. Kd1 Rc5 82. Rd8 Rc6 83. Be3 Ka6 84. Ra8+ Kb5 85. Bb6 Rd6+ 86. Ke2 Rd5 87. Be3 Rd6 88. Bf4 Ra6 89. Rb8+ Kxa5 90. Kd2 Rc6 91. Rg8 Bh5 92. Ke3 Re6+ 93. Kd4 Kb6 94. Be5 Kc6 95. g6 Bxg6 96. Rxg6 Re8 97. Rg7 Rd8+ 98. Ke4 Rd7 99. Kf5 Ra7 100. Bc3 Kb5 101. Rg4 Kc6 102. Re4 1-0

[Event "Wch U14 Girls"]
[Site "Florianopolis"]
[Date "2024.11.02"]
[Round "5"]
[White "Khafizova, Diana"]
[Black "Goriachkina, Oksana"]
[Result "1/2-1/2"]
[WhiteElo "1996"]
[BlackElo "2070"]
[PlyCount "83"]
[EventDate "2024.10.29"]
[EventType "swiss"]
[EventRounds "11"]
[EventCountry "BRA"]
[SourceTitle "CB45_2024"]
[Source "ChessBase"]
[SourceDate "2024.11.06"]
[SourceVersion "1"]
[SourceVersionDate "2024.11.06"]
[SourceQuality "1"]

1. d4 d5 2. c4 c6 3. Nf3 e6 4. e3 Nf6 5. Nc3 Nbd7 6. Qc2 Bd6 7. b3 0-0 8. Be2 b6 9. 0-0 Bb7 10. Bb2 Re8 11. Rfe1 Qe7 12. e4 dxe4 13. Nxe4 Nxe4 14. Qxe4 Nf8 15. Bd3 f6 16. Qg4 Qf7 17. h4 h5 18. Qe4 c5 19. Qe2 Rad8 20. Be4 Bxe4 21. Qxe4 cxd4 22. Nxd4 Bc5 23. Nf3 e5 24. Bc3 a5 25. Rad1 Qg6 26. Qxg6 Nxg6 27. g3 Ne7 28. Nd2 Nc6 29. Ne4 Bd4 30. Kg2 Kf7 31. Bxd4 Nxd4 32. Rc1 Ne6 33. Red1 Ke7 34. Nc3 Rxd1 35. Rxd1 Rb8 36. Kf3 Nd4+ 37. Ke4 Ke6 38. f4 Nf5 39. Kf3 Nd4+ 40. Ke4 Nf5 41. Kf3 Nd4+ 42. Ke4 1/2-1/2

[Event "Moscow-ch op Superfinal"]
[Site "Ershovo"]
[Date "2024.02.27"]
[Round "7"]
[White "Goriachkina, Oksana"]
[Black "Dimitrova, Aleksandra"]
[Result "0-1"]
[WhiteElo "1867"]
[BlackElo "2188"]
[PlyCount "78"]
[EventDate "2024.02.23"]
[EventType "swiss"]
[EventRounds "10"]
[EventCountry "RUS"]
[SourceTitle "CBM 219 Extra"]
[Source "ChessBase"]
[SourceDate "2024.05.31"]
[SourceVersion "1"]
[SourceVersionDate "2024.05.31"]
[SourceQuality "1"]

1. d4 Nf6 2. c4 e6 3. Nf3 b6 4. g3 Ba6 5. Qb3 c5 6. d5 exd5 7. cxd5 d6 8. Nc3 g6 9. Bf4 Bg7 10. Qa4+ Qd7 11. Qxd7+ Kxd7 12. Ng5 Rf8 13. Bh3+ Ke7 14. Nge4 Ne8 15. Bg5+ f6 16. Bd2 h6 17. f4 f5 18. Nf2 b5 19. g4 b4 20. Ncd1 fxg4 21. Bxg4 Nc7 22. Bf3 Bb7 23. Rg1 Bxd5 24. Bxd5 Nxd5 25. Rxg6 Rf7 26. Ne4 Nf6 27. Ng3 Kd7 28. Nf5 Bf8 29. Nxh6 Bxh6 30. Rxh6 Nc6 31. e3 Rg8 32. Rc1 Rg1+ 33. Ke2 Rg2+ 34. Kd3 Ng4 35. Rh3 c4+ 36. Rxc4 Nge5+ 37. fxe5 Nxe5+ 38. Ke4 Rg4+ 39. Kd5 Nxc4 0-1

[Event "Asia-ch U14 Girls"]
[Site "Al Ain"]
[Date "2023.12.21"]
[Round "9"]
[White "Goriachkina, Oksana"]
[Black "Alemanova, Yasmina"]
[Result "1-0"]
[WhiteElo "1899"]
[BlackElo "1632"]
[PlyCount "187"]
[EventDate "2023.12.14"]
[EventType "swiss"]
[EventRounds "9"]
[EventCountry "UAE"]
[SourceTitle "EXT 2025"]
[Source "ChessBase"]
[SourceDate "2024.10.14"]
[SourceVersion "1"]
[SourceVersionDate "2024.10.14"]
[SourceQuality "1"]

1. d4 Nf6 2. c4 e6 3. Nf3 Bb4+ 4. Bd2 a5 5. g3 0-0 6. Bg2 d5 7. Qb3 Nc6 8. 0-0 a4 9. Qc2 Ne4 10. Bf4 Bd6 11. Nc3 Bxf4 12. gxf4 Nb4 13. Qc1 c5 14. cxd5 Nxc3 15. bxc3 Nxd5 16. e4 Ne7 17. Rd1 cxd4 18. Nxd4 Qa5 19. Rb1 Rb8 20. Qa3 Ng6 21. Qd6 Ra8 22. Nb5 Ra6 23. Qd2 Rb6 24. Bf1 e5 25. f5 Nf4 26. Qe3 Rc6 27. Rd6 Rxd6 28. Nxd6 Qc7 29. Nc4 f6 30. Qb6 Qe7 31. Qd6 Re8 32. Qxe7 Rxe7 33. Nd6 Rc7 34. c4 g6 35. Rb6 gxf5 36. exf5 Rg7+ 37. Kh1 Bd7 38. Nxb7 Bxf5 39. Nd6 Rg5 40. Nxf5 Rxf5 41. f3 Kg7 42. Kg1 e4 43. fxe4 Re5 44. Ra6 Rxe4 45. Rxa4 Re3 46. c5 Ne6 47. Rc4 Ra3 48. c6 Rxa2 49. c7 Nxc7 50. Rxc7+ Kg6 51. Bd3+ f5 52. Rc5 Ra1+ 53. Kg2 Ra2+ 54. Kg3 Ra3 55. Rd5 h6 56. Kf4 Ra4+ 57. Ke5 Ra2 58. Bxf5+ Kg5 59. h3 Re2+ 60. Kd6 Kf6 61. Bg4 Re3 62. Rf5+ Kg6 63. Rf2 Ra3 64. Ke7 Ra7+ 65. Bd7 Kg5 66. Rf3 Rb7 67. Rg3+ Kh4 68. Rd3 Kg5 69. Rd4 Rb2 70. Rd5+ Kg6 71. Bf5+ Kg7 72. Rd3 Re2+ 73. Be6 Rg2 74. Rf3 Kg6 75. Rf8 Re2 76. Rg8+ Kh5 77. Rg1 Kh4 78. Kf6 h5 79. Rh1 Rf2+ 80. Bf5 Ra2 81. Re1 Ra6+ 82. Be6 Ra4 83. Re5 Ra3 84. Kg6 Rg3+ 85. Kh6 Re3 86. Rxh5+ Kg3 87. Bg4 Ra3 88. Re5 Kh4 89. Re4 Ra6+ 90. Be6+ Kg3 91. Kg5 Ra5+ 92. Bf5 Ra8 93. Re3+ Kh2 94. h4 1-0

[Event "Asia-ch U14 Girls"]
[Site "Al Ain"]
[Date "2023.12.19"]
[Round "7"]
[White "Tabermakova, Leila"]
[Black "Goriachkina, Oksana"]
[Result "1-0"]
[WhiteElo "1876"]
[BlackElo "1899"]
[PlyCount "89"]
[EventDate "2023.12.14"]
[EventType "swiss"]
[EventRounds "9"]
[EventCountry "UAE"]
[SourceTitle "EXT 2025"]
[Source "ChessBase"]
[SourceDate "2024.10.14"]
[SourceVersion "1"]
[SourceVersionDate "2024.10.14"]
[SourceQuality "1"]

1. e4 e6 2. d4 d5 3. Nc3 Bb4 4. e5 c5 5. a3 Ba5 6. b4 cxd4 7. Nb5 Bc7 8. f4 Bd7 9. Nxd4 Ne7 10. Ngf3 Nbc6 11. Bb2 Nxd4 12. Nxd4 Bb6 13. Bd3 g6 14. Qe2 Qc7 15. 0-0-0 a5 16. b5 h5 17. Kb1 Bxd4 18. Bxd4 Nf5 19. Bb2 a4 20. Bxf5 gxf5 21. Rd4 Qa5 22. Rb4 Rc8 23. Rd1 Rc5 24. b6 Rb5 25. Rxb5 Qxb5 26. Qf2 h4 27. Ka1 Qc4 28. Bd4 Rg8 29. Rd3 Bc6 30. Rc3 Qa6 31. Qxh4 Qa5 32. Ka2 Qa8 33. Rg3 Kd7 34. Bc5 Qd8 35. Qxd8+ Rxd8 36. Rg7 Rh8 37. Rxf7+ Kd8 38. Rc7 Rxh2 39. Bd6 Bd7 40. Rxb7 Bc6 41. Rc7 Ba8 42. b7 Bxb7 43. Rxb7 Rxg2 44. Kb1 Rf2 45. Rb4 1-0

[Event "Wch U14 Girls"]
[Site "Montesilvano"]
[Date "2023.11.13"]
[Round "1"]
[White "Macek, Inti"]
[Black "Goriachkina, Oksana"]
[Result "0-1"]
[WhiteElo "1472"]
[BlackElo "1915"]
[PlyCount "120"]
[EventDate "2023.11.13"]
[EventType "swiss"]
[EventRounds "11"]
[EventCountry "ITA"]
[SourceTitle "CBM 217 Extra"]
[Source "ChessBase"]
[SourceDate "2024.01.31"]
[SourceVersion "1"]
[SourceVersionDate "2024.01.31"]
[SourceQuality "1"]

1. d4 d5 2. Nf3 Nf6 3. c4 e6 4. Nc3 c6 5. e3 a6 6. a3 Nbd7 7. cxd5 exd5 8. Bd3 Bd6 9. 0-0 0-0 10. b3 Re8 11. Qc2 Qe7 12. Nd2 c5 13. Bb2 cxd4 14. exd4 Nf8 15. Na4 Be6 16. Bf5 Nh5 17. Bxe6 Qxe6 18. Rfe1 Qg4 19. h3 Qf4 20. Nf3 Rac8 21. Qd3 Qf6 22. Rxe8 Rxe8 23. Bc1 Ne6 24. g3 Qe7 25. Nc3 Nf6 26. b4 Qc7 27. Be3 Bxg3 28. Rc1 Qb8 29. Ne2 Bd6 30. Kg2 Ne4 31. Nd2 Nf4+ 32. Nxf4 Bxf4 33. Nxe4 dxe4 34. Qd2 Bxe3 35. fxe3 h6 36. Qf2 Re6 37. Rf1 Rg6+ 38. Kh1 Qg3 39. Qxg3 Rxg3 40. Re1 Rxh3+ 41. Kg2 Rf3 42. a4 h5 43. Rc1 h4 44. Rc7 Rxe3 45. Rxb7 Rd3 46. Rd7 h3+ 47. Kh2 e3 48. b5 axb5 49. axb5 e2 50. Re7 Rxd4 51. Rxe2 Rb4 52. Re5 Rb3 53. Re8+ Kh7 54. Rb8 g6 55. b6 Kh6 56. b7 Kg5 57. Ra8 Rxb7 58. Ra5+ f5 59. Kxh3 Rb3+ 60. Kg2 Kg4 0-1

[Event "Ufa Penzina Memorial"]
[Site "Ufa"]
[Date "2023.08.08"]
[Round "3"]
[White "Petrukhina, Olga"]
[Black "Goriachkina, Oksana"]
[Result "1-0"]
[WhiteElo "2079"]
[BlackElo "1808"]
[PlyCount "110"]
[EventDate "2023.08.06"]
[EventType "swiss"]
[EventRounds "9"]
[EventCountry "RUS"]
[SourceTitle "CBM 215 Extra"]
[Source "ChessBase"]
[SourceDate "2023.09.30"]
[SourceVersion "1"]
[SourceVersionDate "2023.09.30"]
[SourceQuality "1"]

1. Nf3 d5 2. g3 Nf6 3. Bg2 g6 4. b3 Bg7 5. Bb2 c5 6. d4 cxd4 7. 0-0 0-0 8. Nxd4 e5 9. Nf3 e4 10. Nd4 Ng4 11. h3 Ne5 12. c4 Nbc6 13. Na3 Nxd4 14. Bxd4 Be6 15. c5 Qd7 16. Kh2 f5 17. Qd2 Nc6 18. Bxg7 Qxg7 19. e3 g5 20. f4 gxf4 21. gxf4 Rf6 22. Rg1 Rg6 23. Bh1 Rd8 24. Nb5 b6 25. cxb6 axb6 26. Rac1 Qd7 27. Nd4 Rc8 28. Nxc6 Rxc6 29. Rxc6 Qxc6 30. Rc1 Qd7 31. Qd4 Qg7 32. Qxg7+ Kxg7 33. Rc6 Bd7 34. Rc7 Rd6 35. Kg3 Kg6 36. Bg2 Bb5 37. a4 Bd3 38. b4 h6 39. Kf2 Kh5 40. b5 d4 41. Rc6 Rxc6 42. bxc6 dxe3+ 43. Kxe3 Kh4 44. c7 Ba6 45. Bxe4 fxe4 46. Kxe4 Bc8 47. Ke5 Kh5 48. f5 Kg5 49. h4+ Kh5 50. Kf4 Bd7 51. Ke4 Bc8 52. Ke5 Bd7 53. f6 Kg6 54. Kd6 Bc8 55. Ke7 Kh7 1-0

[Event "Ufa Penzina Memorial"]
[Site "Ufa"]
[Date "2023.08.06"]
[Round "1"]
[White "Osmanova, Alina"]
[Black "Goriachkina, Oksana"]
[Result "0-1"]
[WhiteElo "1191"]
[BlackElo "1808"]
[PlyCount "50"]
[EventDate "2023.08.06"]
[EventType "swiss"]
[EventRounds "9"]
[EventCountry "RUS"]
[SourceTitle "CBM 215 Extra"]
[Source "ChessBase"]
[SourceDate "2023.09.30"]
[SourceVersion "1"]
[SourceVersionDate "2023.09.30"]
[SourceQuality "1"]

1. e4 c6 2. d4 d5 3. exd5 cxd5 4. Be3 Nf6 5. Nf3 Bg4 6. Be2 Nc6 7. c3 e6 8. Nbd2 Bd6 9. h3 Bh5 10. 0-0 0-0 11. Kh1 a6 12. Kg1 Bc7 13. Bg5 Qd6 14. Bh4 Ne4 15. Nxe4 dxe4 16. Bg3 exf3 17. Bxd6 fxe2 18. Qd2 exf1Q+ 19. Rxf1 Bxd6 20. g4 Bg6 21. f4 Ne7 22. a3 Rac8 23. Qd1 Be4 24. Qe2 Bd5 25. Qd2 f5 0-1

[Event "EU-ch (Women) 23rd"]
[Site "Petrovac"]
[Date "2023.03.20"]
[Round "3"]
[White "Goriachkina, Oksana"]
[Black "Allahverdiyeva, Ayan"]
[Result "0-1"]
[WhiteElo "1759"]
[BlackElo "2124"]
[PlyCount "88"]
[EventDate "2023.03.18"]
[EventType "swiss"]
[EventRounds "11"]
[EventCountry "MNE"]
[SourceTitle "CBM 213 Extra"]
[Source "ChessBase"]
[SourceDate "2023.05.31"]
[SourceVersion "1"]
[SourceVersionDate "2023.05.31"]
[SourceQuality "1"]

1. d4 Nf6 2. c4 e6 3. Nf3 b6 4. g3 Ba6 5. Qc2 c5 6. d5 exd5 7. cxd5 Bb7 8. Bg2 Nxd5 9. 0-0 Be7 10. Rd1 Nc6 11. a3 Nc7 12. e4 d6 13. Nc3 0-0 14. Bf4 Ne6 15. Be3 Re8 16. Nd5 Bf8 17. Qd2 Nc7 18. Nc3 Qc8 19. Qc2 Ne5 20. Nh4 g6 21. Qc1 Qe6 22. Bh6 Bxh6 23. Qxh6 Rad8 24. Qf4 Qe7 25. Nf3 Ne6 26. Qe3 Nxf3+ 27. Qxf3 Nd4 28. Qd3 Bc6 29. a4 Qe6 30. h4 h5 31. Kh2 Re7 32. f3 Rde8 33. Ne2 Nxe2 34. Qxe2 d5 35. Qd2 dxe4 36. fxe4 Bxe4 37. Re1 Qc6 38. Bxe4 Rxe4 39. Rxe4 Qxe4 40. Kg1 Qe3+ 41. Qf2 a5 42. Rf1 Qxf2+ 43. Kxf2 Re4 44. Ra1 Rb4 0-1

[Event "EU-ch (Women) 23rd"]
[Site "Petrovac"]
[Date "2023.03.19"]
[Round "2"]
[White "Chelushkina, Irina"]
[Black "Goriachkina, Oksana"]
[Result "1-0"]
[WhiteElo "2207"]
[BlackElo "1759"]
[PlyCount "59"]
[EventDate "2023.03.18"]
[EventType "swiss"]
[EventRounds "11"]
[EventCountry "MNE"]
[SourceTitle "CBM 213 Extra"]
[Source "ChessBase"]
[SourceDate "2023.05.31"]
[SourceVersion "1"]
[SourceVersionDate "2023.05.31"]
[SourceQuality "1"]

1. e4 c6 2. Nf3 d5 3. Nc3 Bg4 4. h3 Bxf3 5. Qxf3 e6 6. g3 Nf6 7. Bg2 Nbd7 8. exd5 exd5 9. 0-0 Be7 10. Nd1 0-0 11. Ne3 Bc5 12. Nf5 Re8 13. d4 Bb6 14. Bg5 g6 15. Nh6+ Kg7 16. c3 Qc8 17. h4 Rf8 18. Bh3 Qc7 19. Rfe1 Ne4 20. Be7 f5 21. Bg5 Nxg5 22. hxg5 Qd8 23. Qf4 Bc7 24. Qh4 Nb6 25. Re6 Qd7 26. Rae1 Rae8 27. Nxf5+ gxf5 28. Qh6+ Kg8 29. Bxf5 Qf7 30. g6 1-0

[Event "EU-ch 23rd"]
[Site "Vrnjacka Banja"]
[Date "2023.03.05"]
[Round "3"]
[White "Goriachkina, Oksana"]
[Black "Blagojevic, Tijana"]
[Result "1-0"]
[WhiteElo "1759"]
[BlackElo "2238"]
[PlyCount "119"]
[EventDate "2023.03.03"]
[EventType "swiss"]
[EventRounds "11"]
[EventCountry "SRB"]
[SourceTitle "CBM 213"]
[Source "ChessBase"]
[SourceDate "2023.04.30"]
[SourceVersion "1"]
[SourceVersionDate "2023.04.30"]
[SourceQuality "1"]

1. d4 d5 2. c4 e6 3. Nf3 Nf6 4. Nc3 c6 5. Bg5 Nbd7 6. e3 h6 7. Bf4 g5 8. Be5 Nxe5 9. Nxe5 Bd6 10. h4 Bxe5 11. dxe5 Nd7 12. cxd5 Nxe5 13. dxe6 Qe7 14. exf7+ Nxf7 15. hxg5 Qxg5 16. Qd4 Be6 17. Ne4 Qe7 18. Be2 Rd8 19. Qc3 Bf5 20. Ng3 Bg6 21. 0-0 h5 22. Qg7 Qe6 23. Bc4 Qxc4 24. Qxg6 Kf8 25. Rad1 Rd5 26. Rxd5 Qxd5 27. Nf5 h4 28. Qg7+ Ke8 29. Qf6 Qe5 30. Ng7+ Kf8 31. Ne6+ Ke8 32. Qxe5 Nxe5 33. Nf4 Ke7 34. Rd1 a5 35. Kf1 Rg8 36. Nd3 Rd8 37. Ke2 Ng4 38. f3 Nf6 39. e4 Nh5 40. Ke3 Rg8 41. Rh1 Rxg2 42. Rxh4 Nf6 43. a3 c5 44. e5 Nd7 45. Rh7+ Ke8 46. f4 c4 47. Nf2 b5 48. Kf3 Rg1 49. Ne4 Re1 50. Nd6+ Kd8 51. Rh8+ Kc7 52. Nxb5+ Kc6 53. Nd4+ Kc5 54. Nc2 Rb1 55. Ne3 Nb6 56. Rd8 Rh1 57. e6 Rh3+ 58. Ke4 Rh6 59. f5 Rh4+ 60. Kf3 1-0

[Event "EU-ch U12 Girls 30th"]
[Site "Antalya"]
[Date "2022.11.14"]
[Round "9"]
[White "Goriachkina, Oksana"]
[Black "Dicen, Elis Denele"]
[Result "1/2-1/2"]
[WhiteElo "1694"]
[BlackElo "1732"]
[PlyCount "126"]
[EventDate "2022.11.06"]
[EventType "swiss"]
[EventRounds "9"]
[EventCountry "TUR"]
[SourceTitle "EXT 2024"]
[Source "ChessBase"]
[SourceDate "2023.10.10"]
[SourceVersion "1"]
[SourceVersionDate "2023.10.10"]
[SourceQuality "1"]

1. d4 d5 2. c4 e6 3. Nc3 Nf6 4. Nf3 Be7 5. Bf4 0-0 6. e3 c6 7. Bd3 Nbd7 8. 0-0 dxc4 9. Bxc4 b5 10. Bd3 Bb7 11. Rc1 a6 12. a4 Rc8 13. Qe2 b4 14. Ne4 Nxe4 15. Bxe4 Nf6 16. Bd3 Qb6 17. Be5 Nd7 18. b3 c5 19. dxc5 Nxc5 20. Bd4 a5 21. Rfd1 Bd5 22. Bc4 Bxc4 23. Rxc4 Qa6 24. Qc2 Nxa4 25. Ra1 Nc3 26. Ne5 f6 27. Nd3 Rxc4 28. bxc4 Qxc4 29. Rxa5 Rd8 30. f4 Rc8 31. Kf1 b3 32. Qxc3 Qxc3 33. Bxc3 Rxc3 34. Ke2 Rc2+ 35. Kf3 Rd2 36. Nf2 b2 37. Rb5 f5 38. e4 fxe4+ 39. Nxe4 Rc2 40. Ng5 Bxg5 41. fxg5 Kf7 42. h4 h6 43. gxh6 gxh6 44. g4 Kg6 45. Kf4 Kf6 46. g5+ hxg5+ 47. hxg5+ Kg6 48. Rb6 Re2 49. Kf3 Re1 50. Rxb2 Kxg5 51. Rb8 Kf6 52. Rf8+ Ke5 53. Rd8 Ra1 54. Rb8 Ra3+ 55. Ke2 Kf5 56. Rb4 e5 57. Rc4 e4 58. Rc8 Ke5 59. Re8+ Kd4 60. Rd8+ Ke5 61. Re8+ Kd4 62. Rd8+ Ke5 63. Re8+ Kd4 1/2-1/2